| 000 | 00639nam a2200205 i 4500 | ||
|---|---|---|---|
| 001 | 115552 | ||
| 003 | ES-MaACL | ||
| 007 | t| | ||
| 008 | 070315s1922 sp ||||1| spa d | ||
| 080 | _a621.315 | ||
| 100 | 1 |
_aMarín Bonell, Manuel. _976773 |
|
| 245 | 1 | 0 |
_aCoexistencia de líneas de baja tensión / _cpor Manuel Marín Bonell. |
| 260 |
_aMadrid : _bCalpe, _c1922. |
||
| 300 |
_a152 p. : _bil. ; _c17 cm. |
||
| 490 | 1 |
_aBiblioteca del electricista práctico ; _v35 |
|
| 650 | 1 | 4 |
_aLíneas eléctricas. _914461 |
| 830 | 0 |
_aBiblioteca del electricista práctico ; _v35 _9186267 |
|
| 852 |
_aES-MaACL _jB-3768 |
||
| 999 |
_c115552 _d115552 |
||